| 000 | 00406nam a22001817i 4500 | ||
|---|---|---|---|
| 001 | 8477 | ||
| 003 | OSt | ||
| 005 | 20170126082411.0 | ||
| 007 | tu | ||
| 008 | 161220s1972 xxu||||| |||| 00| 0 d | ||
| 024 | 7 |
_a8477 _2RID |
|
| 040 | _cOSt | ||
| 100 | 1 | _aMedvedev, Roy | |
| 245 | 0 | 0 | _aOn socialist democracy |
| 260 |
_aAmsterdam & Paris : _bAlexander Herzen Found., _c1972. |
||
| 300 | _a401 S. | ||
| 500 | 0 | 0 | _aRussisch |
| 942 | _cB | ||
| 999 |
_c7091 _d7091 |
||